Význam a úlohy terénneho prieskumu pri realizácii vedeckovýskumných projektov v cestovnom ruchu

Charakteristika a osobitosti terénneho prieskumu v cestovnom ruchu. Kvantitatívny a kvalitatívny výskum. Metodológia a technika prieskumu. Zásady pri vypracovaní dotazníka. Tri etapy terénneho prieskumu. Význam terénneho prieskumu vo výskume cestovného ruchu.

Salvato in:
Dettagli Bibliografici
Autore principale: Eliašová, Darina
Natura: Capitolo di libro
Lingua:slovacco
Soggetti:
Tags: Aggiungi Tag
Nessun Tag, puoi essere il primo ad aggiungerne!!

MARC

LEADER 00000naa$a2200000$$$4500
001 0047118
005 20240502071538.0
041 0 |a slo 
044 |a SK 
245 1 0 |a Význam a úlohy terénneho prieskumu pri realizácii vedeckovýskumných projektov v cestovnom ruchu  |c Darina Eliašová 
520 |a Charakteristika a osobitosti terénneho prieskumu v cestovnom ruchu. Kvantitatívny a kvalitatívny výskum. Metodológia a technika prieskumu. Zásady pri vypracovaní dotazníka. Tri etapy terénneho prieskumu. Význam terénneho prieskumu vo výskume cestovného ruchu. 
610 2 0 |a ruch cestovný 
610 2 0 |a výskum 
610 2 0 |a dotazníky 
610 2 0 |a kúpeľníctvo 
610 2 0 |a vedenie podniku 
610 2 0 |a klienti 
610 2 0 |a metódy štatistické 
610 2 0 |a projekty 
610 2 0 |a prognózovanie 
100 1 |a Eliašová, Darina